Osteopathic athletic health care : (Record no. 5196)

000 -LEADER
fixed length control field 01189nam a2200361 a 4500
001 - CONTROL NUMBER
control field 3056380
003 - CONTROL NUMBER IDENTIFIER
control field OSt
005 - DATE AND TIME OF LATEST TRANSACTION
control field 20220405081352.0
008 - FIXED-LENGTH DATA ELEMENTS--GENERAL INFORMATION
fixed length control field 960812s1997 enka b 001 0 eng d
010 ## - LIBRARY OF CONGRESS CONTROL NUMBER
LC control number 96086087
020 ## - INTERNATIONAL STANDARD BOOK NUMBER
International Standard Book Number 0412590905 (alk. paper)
035 ## - SYSTEM CONTROL NUMBER
System control number (OCoLC)36470613
040 ## - CATALOGING SOURCE
Original cataloging agency DNLM
Transcribing agency DNLM
Modifying agency AzTeS
-- DLC
042 ## - AUTHENTICATION CODE
Authentication code lccopycat
050 04 - LIBRARY OF CONGRESS CALL NUMBER
Classification number RC1210
Item number .M285 1997
060 00 - NATIONAL LIBRARY OF MEDICINE CALL NUMBER
Classification number 1997 A-480
060 10 - NATIONAL LIBRARY OF MEDICINE CALL NUMBER
Classification number WB 940
Item number M479o 1997
082 00 - DEWEY DECIMAL CLASSIFICATION NUMBER
Classification number 617.1/027
Edition number 21
100 1# - MAIN ENTRY--PERSONAL NAME
Personal name McKone, W. Llewellyn.
245 10 - TITLE STATEMENT
Title Osteopathic athletic health care :
Remainder of title principles and practice /
Statement of responsibility, etc. W. Llewellyn McKone.
250 ## - EDITION STATEMENT
Edition statement 1st ed.
260 ## - PUBLICATION, DISTRIBUTION, ETC.
Place of publication, distribution, etc. London ;
-- New York :
Name of publisher, distributor, etc. Chapman & Hall,
Date of publication, distribution, etc. 1997.
300 ## - PHYSICAL DESCRIPTION
Extent xii, 394 p. :
Other physical details ill. ;
Dimensions 25 cm.
504 ## - BIBLIOGRAPHY, ETC. NOTE
Bibliography, etc. note Includes bibliographical references and index.
650 #0 - SUBJECT ADDED ENTRY--TOPICAL TERM
Topical term or geographic name entry element Sports medicine.
650 #0 - SUBJECT ADDED ENTRY--TOPICAL TERM
Topical term or geographic name entry element Osteopathic medicine.
650 12 - SUBJECT ADDED ENTRY--TOPICAL TERM
Topical term or geographic name entry element Osteopathic Medicine
General subdivision methods.
650 22 - SUBJECT ADDED ENTRY--TOPICAL TERM
Topical term or geographic name entry element Athletic Injuries
General subdivision therapy.
650 22 - SUBJECT ADDED ENTRY--TOPICAL TERM
Topical term or geographic name entry element Sports Medicine.
906 ## - LOCAL DATA ELEMENT F, LDF (RLIN)
a 7
b cbc
c copycat
d 2
e opcn
f 19
g y-gencatlg
942 ## - ADDED ENTRY ELEMENTS (KOHA)
Source of classification or shelving scheme
Koha item type Book
Suppress in OPAC BA
Holdings
Withdrawn status Lost status Source of classification or shelving scheme Damaged status Not for loan Permanent Location Current Location Shelving location Date acquired Source of acquisition Total Checkouts Full call number Barcode Date last seen Price effective from Koha item type Public note
          AU LIBRARY AU LIBRARY Open Shelf 05.04.2022 DONATION FROM MOI UNIVERSITY   RC1210 .M285 1997 28007786 05.04.2022 05.04.2022 Book BA

Powered by Koha